Quick Pick: Words Ending in X Quiz Stats

 Plays Quiz Updated Feb 26, 2019

Score 0/12 Timer 01:00
0 Plays Today
% Correct
Box
88.9%
Fox
88.8%
Apex
87.7%
Onyx
87.6%
Syntax
87.4%
Mix
87.4%
Hex
86%
Hoax
84.6%
Crux
82.1%
Minx
81.7%
Helix
81.5%
Faux
80.3%

Today's Daily Dose

Missing Word
Video Games (A-Z)

Get the Picture
Tom Hanks

You're not logged in!

Compare scores with friends on all Sporcle quizzes.
OR
Log In

Sporcle TV

Today on Sporcle TV


Watch our educational content, quiz creation guides, and fun videos on Sporcle TV.

Show Comments

Extras

Top Quizzes Today


Score Distribution

Your Account Isn't Verified!

In order to create a playlist on Sporcle, you need to verify the email address you used during registration. Go to your Sporcle Settings to finish the process.

Report this User

Report this user for behavior that violates our Community Guidelines.

Details: